|
|
|
|
| LEADER |
00000nab a2200000 a 4500 |
| 001 |
vtls000414233 |
| 003 |
SK-MaSNL |
| 005 |
20260426063530.0 |
| 008 |
230120c1991 xo 0 slo |
| 015 |
|
|
|a SNBRB19rr/mm-uuuuu
|
| 035 |
|
|
|a CL0414358
|
| 035 |
|
|
|a urn:nbn:sk:snk-ab2d70
|
| 035 |
|
|
|a (urnnbn)urn:nbn:sk:snk:ar-a026p7
|
| 035 |
|
|
|a (uuid)37709815-1c41-414c-be70-7bd699a5c5d8
|
| 040 |
|
|
|a SNKBUCL
|b slo
|c SNKBUCL
|e AACR2
|
| 041 |
0 |
|
|a slo
|
| 044 |
|
|
|a xo
|c SK
|
| 080 |
|
|
|a 904:712.5
|2 1981
|
| 080 |
|
|
|a 712.5
|2 1981
|
| 080 |
|
|
|a 904
|2 1981
|
| 080 |
|
|
|a 93/94
|2 2011
|
| 100 |
1 |
|
|a TS
|4 aut
|9 862568
|
| 245 |
1 |
0 |
|a Bohuslava Bublincová - Štefan Holčík: Bratislavské fontány. Tatran, Bratislava 1990
|c TS
|
| 500 |
|
|
|a V rubrike Z literatúry.
|
| 650 |
0 |
7 |
|a historické pamiatky
|2 snkbucl
|9 75346
|
| 650 |
0 |
7 |
|a fontány
|2 snkbucl
|9 3014
|
| 650 |
0 |
7 |
|a dejiny
|2 SNKPH
|9 3825
|
| 651 |
|
7 |
|a Bratislava (Slovensko)
|2 snkbucl
|9 14568
|
| 655 |
|
7 |
|a články z novín a časopisov
|2 snkbucl
|9 267496
|
| 700 |
1 |
|
|a Bublicová, Bohuslava
|4 aut
|9 1286776
|
| 700 |
1 |
|
|a Holčík, Štefan,
|d 1944-
|4 aut
|9 98661
|
| 773 |
0 |
|
|t Krásy Slovenska
|g Roč. 68, č. 4 (1991), s. 47
|
| 787 |
0 |
8 |
|i Rec.:
|a Bublicová, Bohuslava
|t Bratislavské fontány
|d Bratislava : Tatran, 1990
|
| 850 |
|
|
|a Slovenská národná knižnica v Martine
|a MTA001
|
| 852 |
|
|
|a SNK
|b KIS3GCP
|
| 954 |
|
|
|a odborná, vedecká literatúra pôvodná (slovenská)
|2 lita
|
| 957 |
|
|
|a 5100
|
| 958 |
|
|
|a OND
|
| 958 |
|
|
|a RK
|
| 958 |
|
|
|a EUIPO
|
| 958 |
|
|
|a article27
|
| 992 |
|
|
|a RBX
|
| 999 |
|
|
|c 2557097
|d 2559027
|